00521nam a22001697a 450000500170000001000150001702000260003203500140005803700090007208200120008110000150009324500660010825000060017426000280018027001230020830000200033120250319172744.0 aENG-144146 a9789388830713c290.00 aEN-127678 bDBAD a808.884 aKrishnadas aDubai Puzha:bWhen Seagulls Fly Over Dubai Creek/cKrishnadas a1 aKeralabSandDunesc2019 aGB Building, Civil Lane road, ayyanthole thrissurbNew Delhie680003minfo@greenbooksindia.comk91-487-231066k2381039 a187p.c22cm(pb)